| 000 | 02175nam a2200625 i 4500 | ||
|---|---|---|---|
| 001 | 43466 | ||
| 003 | KOSZ 005 | ||
| 005 | 20220325114011.0 | ||
| 008 | 040211s2002 pl a |000 0 pol | ||
| 015 | _aUWD 2004/4459 | ||
| 020 | _a8388764918 | ||
| 035 | _a991020757559705066 | ||
| 035 | _a(PL-WaBN)b1562514x-48omnis_nlop | ||
| 035 | _ab1562514x | ||
| 035 | _a(OCoLC)749427742 | ||
| 035 | _azz2003943042 | ||
| 035 | _a(PL)b0000001562514 | ||
| 035 | _a(EXLNZ-48OMNIS_NETWORK)9910134813705606 | ||
| 040 |
_aWA N _cWA N _dWA N _dKOSZ 005/HR |
||
| 041 | 0 |
_apol _beng _bger |
|
| 046 | _k2002 | ||
| 080 | _a624.2/.8 | ||
| 080 | _a625.1 | ||
| 080 | _a624.014 | ||
| 080 | _a539.4 | ||
| 080 | _a621.791/.795 | ||
| 080 | _a620.17 | ||
| 100 | 1 |
_aWichtowski, Bernard _eAutor |
|
| 245 | 1 | 0 |
_aWytrzymałość zmęczeniowa spawanych złączy doczołowych w stalowych mostach kolejowych / _cBernard Wichtowski. |
| 260 |
_aSzczecin : _bWydawnictwo Uczelniane PS, _c2002. |
||
| 300 |
_a210 s. : _bfot., rys., tab., wykr. ; _c24 cm. |
||
| 336 |
_aTekst _btxt _2rdacontent |
||
| 337 |
_aBez urządzenia pośredniczącego _bn _2rdamedia |
||
| 338 |
_aWolumin _bnc _2rdacarrier |
||
| 380 | _aKsiążki | ||
| 380 | _aPublikacje naukowe | ||
| 388 | _a2001- | ||
| 490 | 1 |
_aPrace Naukowe Politechniki Szczecińskiej. Katedra Teorii Konstrukcji ; _v1 |
|
| 500 | _aNumer serii gł.: 572. | ||
| 504 | _aBibliogr., wykaz norm s. 193-203. | ||
| 546 | _aStreszcz. ang., niem. | ||
| 650 | 7 |
_aDefektoskopia rentgenowska _2DBN |
|
| 650 | 7 |
_aJakość _2DBN |
|
| 650 | 7 |
_aMetody badawcze _2DBN |
|
| 650 | 7 |
_aMosty kolejowe _2DBN |
|
| 650 | 7 |
_aMosty stalowe _2DBN |
|
| 650 | 7 |
_aWytrzymałość materiałów _2DBN |
|
| 650 | 7 |
_aZłącza spawane _2DBN |
|
| 658 | _aInżynieria i technika | ||
| 830 | 0 |
_aPrace Naukowe Politechniki Szczecińskiej _vnr 572 |
|
| 830 | 0 |
_aPrace Naukowe Politechniki Szczecińskiej. _pKatedra Teorii Konstrukcji, _v1 |
|
| 856 |
_uhttp://koha.tu.koszalin.pl/cgi-bin/koha/opac-detail.pl?biblionumber=43466 _yKatalog online BPK |
||
| 942 |
_2UKD _cKS |
||
| 999 |
_c43466 _d43466 |
||